[Event "II Festival A"]
[Site "Salsomaggiore Terme ITA"]
[Date "1998.05.??"]
[Round "3"]
[White "Mitkov, Nikola"]
[Black "Kovacevic, Slobodan"]
[Result "0-1"]
[WhiteElo "2500"]
[BlackElo "2420"]
[PlyCount "72"]
[EventDate "1998.05.14"]

1. e4 c5 2. Nc3 e6 3. Nf3 a6 4. a4 Qc7 5. Bc4 Nc6 6. O-O Nf6 7. Ba2 d6 8. d4
cxd4 9. Nxd4 Bd7 10. Be3 Be7 11. f4 O-O 12. Qf3 b5 13. axb5 Nxd4 14. Bxd4 axb5
15. e5 dxe5 16. Bxe5 Qb6+ 17. Kh1 Bc6 18. Qg3 b4 19. Nd1 Ra5 20. Ne3 Qa7 21. b3
Be4 22. Qf2 Ra8 23. h3 Ne8 24. Qe2 f5 25. Rfd1 Bf6 26. Nc4 Bxe5 27. Nxe5 Rxa2
28. Rxa2 Qxa2 29. Qh5 Nf6 30. Qf7+ Kh8 31. Qxe6 h6 32. Rd2 Qa1+ 33. Kh2 Qe1 34.
Qd6 Kh7 35. Nc4 Ra1 36. Qd8 Nh5 0-1

[Event "II Festival A"]
[Site "Salsomaggiore Terme ITA"]
[Date "1998.05.??"]
[Round "3"]
[White "Peric, Slavisa"]
[Black "Doric, Nenad"]
[Result "1/2-1/2"]
[WhiteElo "2365"]
[BlackElo "2230"]
[PlyCount "28"]
[EventDate "1998.05.14"]

1. d4 d5 2. c4 c6 3. Nf3 Nf6 4. Qb3 dxc4 5. Qxc4 Bf5 6. g3 e6 7. Bg2 Nbd7 8.
O-O Be7 9. b4 Qb6 10. Bd2 Ne4 11. a3 Nxd2 12. Nfxd2 a5 13. Nc3 axb4 14. axb4
O-O 1/2-1/2

[Event "II Festival A"]
[Site "Salsomaggiore Terme ITA"]
[Date "1998.05.??"]
[Round "3"]
[White "Rogers, Ian"]
[Black "De Santis, Alessio"]
[Result "0-1"]
[WhiteElo "2570"]
[BlackElo "2310"]
[PlyCount "138"]
[EventDate "1998.05.14"]

1. e4 d6 2. d4 Nf6 3. Nc3 c6 4. Bg5 Nbd7 5. Qd2 b5 6. f3 a6 7. Nh3 e5 8. Nf2
Be7 9. Be2 Bb7 10. O-O O-O 11. a3 Re8 12. Be3 Qc7 13. Rad1 Rad8 14. Qc1 d5 15.
exd5 cxd5 16. dxe5 Nxe5 17. Bd4 Nc6 18. Bxf6 Bxf6 19. Nxd5 Rxd5 20. Rxd5 Rxe2
21. Qd1 Re8 22. c3 Ne5 23. Rd2 Bg5 24. Re2 Bf4 25. Ng4 h5 26. Nxe5 Rxe5 27.
Rxe5 Qxe5 28. Re1 Qg5 29. Re8+ Kh7 30. Qd7 Qc5+ 31. Kh1 Qc4 32. Re1 Bc8 33. Qd1
Bf5 34. Qd4 Qxd4 35. cxd4 Be6 36. g3 Bd6 37. Kg2 g5 38. d5 Bd7 39. Kf2 Kg7 40.
Ke3 Be5 41. Re2 Kf6 42. f4 gxf4+ 43. gxf4 Bd6 44. Rg2 Bc5+ 45. Ke4 Bf5+ 46. Kf3
a5 47. b4 Bg4+ 48. Ke4 axb4 49. axb4 Bf5+ 50. Kf3 Bd6 51. Ra2 Bd3 52. Ra6 Ke7
53. Ra7+ Kf8 54. Ra8+ Kg7 55. Rd8 Bxb4 56. d6 Kf6 57. Ke3 Bf5 58. d7 Ke7 59.
Re8+ Kxd7 60. Re5 Bg4 61. Rxb5 Bd6 62. Ke4 f5+ 63. Ke3 h4 64. Ra5 h3 65. Rb5
Kc6 66. Ra5 Bc5+ 67. Kd3 Bf3 68. Ra4 Bg2 69. Ra5 Kd5 0-1

[Event "II Festival A"]
[Site "Salsomaggiore Terme ITA"]
[Date "1998.05.??"]
[Round "3"]
[White "Salami, Marco"]
[Black "Efimov, Igor"]
[Result "0-1"]
[WhiteElo "2205"]
[BlackElo "2525"]
[PlyCount "86"]
[EventDate "1998.05.14"]

1. e4 c5 2. Nc3 e6 3. g3 Nc6 4. Bg2 Rb8 5. d3 b5 6. a3 Nf6 7. f4 d5 8. e5 Nd7
9. Nh3 Be7 10. O-O O-O 11. Kh1 a5 12. Ng1 b4 13. axb4 axb4 14. Na4 Ra8 15. Be3
Bb7 16. Qe2 Qc7 17. Qf2 Ra5 18. b3 f5 19. Nf3 h6 20. Qe2 Rfa8 21. Rac1 Bf8 22.
Rfe1 Nb6 23. Nxb6 Qxb6 24. g4 fxg4 25. Nh4 d4 26. Bf2 Ne7 27. Qxg4 Bxg2+ 28.
Qxg2 Qc6 29. Qxc6 Nxc6 30. f5 Ne7 31. f6 Nd5 32. Bg3 Ra2 33. Ng2 gxf6 34. exf6
Kf7 35. Be5 h5 36. Re2 Bh6 37. Rf1 Ra1 38. Kg1 Be3+ 39. Nxe3 Nxe3 40. Rxa1
Rxa1+ 41. Kf2 Rf1+ 42. Kg3 Rf5 43. Bf4 h4+ 0-1

[Event "II Festival A"]
[Site "Salsomaggiore Terme ITA"]
[Date "1998.05.??"]
[Round "3"]
[White "Squarci, Franco"]
[Black "Profumo, Alberto"]
[Result "0-1"]
[WhiteElo "1948"]
[BlackElo "2270"]
[PlyCount "94"]
[EventDate "1998.05.14"]

1. d4 Nf6 2. Nf3 g6 3. c4 Bg7 4. Nc3 O-O 5. e4 d6 6. Be2 e5 7. Bg5 h6 8. Bh4
Nbd7 9. dxe5 dxe5 10. Nd5 c6 11. Nxf6+ Nxf6 12. Qxd8 Rxd8 13. Nd2 Be6 14. O-O-O
Rd4 15. f3 b6 16. Nb3 Rxd1+ 17. Rxd1 Nd7 18. Be7 Bf8 19. Bxf8 Kxf8 20. Kc2 Ke7
21. Kc3 a5 22. Nc1 f6 23. b3 g5 24. Nd3 h5 25. h3 Bf7 26. a3 Nf8 27. c5 b5 28.
b4 Ne6 29. a4 axb4+ 30. Nxb4 Nd4 31. Bd3 Rxa4 32. Rb1 Be8 33. Bc2 Ra8 34. Bd1
Bf7 35. Kb2 h4 36. Ra1 Rxa1 37. Kxa1 Bc4 38. Nc2 Nxc2+ 39. Bxc2 Bf1 40. Kb2
Bxg2 41. Kc3 Bxh3 42. Kb4 Be6 43. Bd3 Bc4 44. Bxc4 bxc4 45. Ka5 c3 46. Kb6 c2
47. Kxc6 c1=Q 0-1

[Event "II Festival A"]
[Site "Salsomaggiore Terme ITA"]
[Date "1998.05.??"]
[Round "3"]
[White "Tomasi, Diego"]
[Black "Nicolo', Filippo"]
[Result "1/2-1/2"]
[WhiteElo "2055"]
[BlackElo "1971"]
[PlyCount "46"]
[EventDate "1998.05.14"]

1. d4 f5 2. g3 Nf6 3. Bg2 g6 4. Nf3 Bg7 5. O-O O-O 6. c4 d6 7. Nc3 Nc6 8. Bg5
Ne4 9. Be3 Nxc3 10. bxc3 e5 11. d5 Na5 12. Qa4 c5 13. Bg5 Qc7 14. Nd2 Bd7 15.
Qa3 Rf7 16. f4 e4 17. e3 b6 18. Rfe1 Be8 19. g4 Qd7 20. gxf5 gxf5 21. Kh1 Qa4
22. Qxa4 Bxa4 23. Rac1 Bd7 1/2-1/2

[Event "II Festival A"]
[Site "Salsomaggiore Terme ITA"]
[Date "1998.05.??"]
[Round "3"]
[White "Vezzosi, Paolo"]
[Black "Oppici, Gabriele"]
[Result "1-0"]
[WhiteElo "2275"]
[BlackElo "2095"]
[PlyCount "79"]
[EventDate "1998.05.14"]

1. d4 Nc6 2. e4 e5 3. dxe5 Nxe5 4. Nf3 Qf6 5. Nxe5 Qxe5 6. Bd3 Bb4+ 7. Nd2 Ne7
8. O-O O-O 9. Nc4 Qe6 10. c3 Bc5 11. b4 Bb6 12. Bf4 a5 13. Nxb6 Qxb6 14. a3 d6
15. Be3 Qc6 16. Bd4 Be6 17. Qh5 Qd7 18. Rae1 Bg4 19. Qg5 f6 20. Qe3 Nc6 21. f4
axb4 22. axb4 Nxd4 23. Qxd4 Kh8 24. h3 Be6 25. f5 Bg8 26. e5 fxe5 27. Rxe5 Rad8
28. Ra5 Qe7 29. Ra7 c5 30. Qf4 cxb4 31. cxb4 Qc7 32. Qd4 Rf6 33. Raa1 Rc8 34.
Rac1 Qxc1 35. Rxc1 Rxc1+ 36. Kf2 Rc7 37. g4 h6 38. h4 Rcf7 39. Kg3 g5 40. fxg6
1-0

[Event "II Festival A"]
[Site "Salsomaggiore Terme ITA"]
[Date "1998.05.??"]
[Round "3"]
[White "Vujovic, Milorad"]
[Black "Pipitone, Antonio"]
[Result "1-0"]
[WhiteElo "2270"]
[BlackElo "2050"]
[PlyCount "99"]
[EventDate "1998.05.14"]

1. e4 c5 2. Nf3 d6 3. h3 Nf6 4. c3 Nc6 5. d4 cxd4 6. cxd4 d5 7. e5 Ne4 8. Bd3
e6 9. O-O Be7 10. Nbd2 f5 11. exf6 Nxf6 12. Re1 O-O 13. Nf1 Bd6 14. a3 Re8 15.
Bc2 e5 16. dxe5 Nxe5 17. Nxe5 Bxe5 18. Bg5 Bxb2 19. Bxh7+ Kxh7 20. Qc2+ Kg8 21.
Qxb2 Rf8 22. Rad1 b6 23. Ne3 Bb7 24. Qb3 Kh8 25. Rd4 Qe7 26. Red1 Qe6 27. Bxf6
Qxf6 28. R1d2 Rac8 29. Nxd5 Rc1+ 30. Kh2 Qe5+ 31. Qg3 Qxg3+ 32. Kxg3 Bxd5 33.
Rxd5 Rc3+ 34. R2d3 Rfc8 35. f4 Kh7 36. Kg4 R8c4 37. Rh5+ Kg6 38. Rg5+ Kf6 39.
Rd6+ Ke7 40. Rdg6 Rxa3 41. Rxg7+ Kd6 42. Rh5 Kc6 43. h4 Rcc3 44. Rhg5 Rg3+ 45.
Kh5 Rxg5+ 46. hxg5 a5 47. f5 Rg3 48. f6 Rxg2 49. f7 Rf2 50. Rg6+ 1-0

[Event "II Festival A"]
[Site "Salsomaggiore Terme ITA"]
[Date "1998.05.??"]
[Round "4"]
[White "Barberi, Alessandro"]
[Black "Loncar, Robert"]
[Result "1-0"]
[WhiteElo "2125"]
[BlackElo "2405"]
[PlyCount "101"]
[EventDate "1998.05.14"]

1. d4 Nf6 2. c4 c5 3. d5 b5 4. cxb5 a6 5. b6 Qxb6 6. Nc3 d6 7. Nf3 g6 8. Nd2
Nbd7 9. e4 Bg7 10. Be2 O-O 11. O-O Rb8 12. Nc4 Qc7 13. Bf4 Ne8 14. Qd2 Ne5 15.
Ne3 Qd8 16. Bg3 Nc7 17. a4 Rb4 18. f4 Nd7 19. Nc4 Nb6 20. Nxb6 Rxb6 21. Bc4 Rb4
22. b3 Na8 23. a5 Nc7 24. Ra4 Rb8 25. Ra2 Bd7 26. e5 Rb4 27. Bh4 f6 28. Ne4 Bb5
29. exf6 exf6 30. Qd3 Qd7 31. f5 Ne8 32. Raf2 g5 33. Bg3 Rf7 34. Re2 Bf8 35.
Be1 Bxc4 36. bxc4 Rb7 37. Bc3 Qd8 38. Nd2 Ng7 39. h4 h6 40. hxg5 hxg5 41. Qh3
Rbe7 42. Ne4 Ne8 43. Nxg5 Rxe2 44. Nxf7 Qe7 45. Qg4+ Bg7 46. Ne5 Rxe5 47. Bxe5
Qxe5 48. Rb1 Kf8 49. Rb7 Qd4+ 50. Qxd4 cxd4 51. Ra7 {...} 1-0

[Event "II Festival A"]
[Site "Salsomaggiore Terme ITA"]
[Date "1998.05.??"]
[Round "4"]
[White "Caposciutti, Maurizio"]
[Black "Mitkov, Nikola"]
[Result "0-1"]
[WhiteElo "2310"]
[BlackElo "2500"]
[PlyCount "89"]
[EventDate "1998.05.14"]

1. e4 e5 2. Nf3 Nc6 3. Bc4 Nf6 4. d3 Be7 5. O-O O-O 6. Re1 h6 7. Nbd2 Re8 8.
Nf1 Bf8 9. a4 Na5 10. Ba2 c5 11. Ng3 Nc6 12. c3 d6 13. h3 Be6 14. Bxe6 Rxe6 15.
Nh2 d5 16. Ng4 Qd7 17. Qf3 Rd8 18. Nf5 Nxg4 19. Qxg4 Rg6 20. Qf3 d4 21. c4 Nb4
22. Re2 Kh7 23. Bd2 Rb6 24. a5 Rg6 25. Bxb4 cxb4 26. b3 b5 27. Rc2 bxc4 28.
Rxc4 Rc8 29. Qd1 Qb7 30. Qc2 Rgc6 31. Ng3 Rxc4 32. dxc4 Qd7 33. Qd3 Rc6 34. Ne2
Qc7 35. Nc1 Ra6 36. Qb1 Rxa5 37. Nd3 Ra3 38. Rxa3 bxa3 39. Qa2 a5 40. f3 Bb4
41. Qc2 Qd7 42. Nc1 Bc3 43. Na2 a4 44. bxa4 Qb7 45. a5 0-1

[Event "II Festival A"]
[Site "Salsomaggiore Terme ITA"]
[Date "1998.05.??"]
[Round "4"]
[White "De Santis, Alessio"]
[Black "Golubovic, Boris"]
[Result "1/2-1/2"]
[WhiteElo "2310"]
[BlackElo "2450"]
[PlyCount "44"]
[EventDate "1998.05.14"]

1. d4 d5 2. Nf3 Nf6 3. e3 Bf5 4. Bd3 Bxd3 5. Qxd3 c6 6. Nbd2 e6 7. b3 Be7 8.
Bb2 O-O 9. O-O Nbd7 10. c4 a5 11. a3 Qb6 12. Rab1 Rfd8 13. Rfd1 Nf8 14. Qc3 Ng6
15. g3 Bf8 16. e4 Rac8 17. e5 Nd7 18. c5 Qa6 19. Qe3 b6 20. b4 axb4 21. axb4
Qb5 22. Bc3 Ra8 1/2-1/2

[Event "II Festival A"]
[Site "Salsomaggiore Terme ITA"]
[Date "1998.05.??"]
[Round "4"]
[White "Efimov, Igor"]
[Black "Komljenovic, Davorin"]
[Result "1/2-1/2"]
[WhiteElo "2525"]
[BlackElo "2425"]
[PlyCount "84"]
[EventDate "1998.05.14"]

1. d4 Nf6 2. Nf3 e6 3. c4 b6 4. g3 Ba6 5. Nbd2 c5 6. e4 cxd4 7. Bg2 Nc6 8. e5
Ng4 9. Qa4 Qc8 10. O-O Bb7 11. Re1 Be7 12. h3 Nh6 13. Ne4 Qc7 14. Bf4 O-O 15.
Qc2 Nf5 16. a3 Na5 17. b3 Kh8 18. Rad1 Bxe4 19. Rxe4 Bxa3 20. Nxd4 Bc5 21. Nxf5
exf5 22. Re2 Rae8 23. Qxf5 Re6 24. Red2 Nxb3 25. Rxd7 Qc8 26. Qd3 Na5 27. Rxa7
Nxc4 28. Qf5 Rd6 29. Qh5 Rxd1+ 30. Qxd1 Qf5 31. Qe2 Qe6 32. Kh2 Na5 33. h4 Nc6
34. Rc7 Nd4 35. Qe4 Nb5 36. Rc6 Qd7 37. Qd5 Qxd5 38. Bxd5 Nd4 39. Rc7 Ne6 40.
Bxe6 fxe6 41. Kg2 Kg8 42. Rb7 Rf7 1/2-1/2

[Event "II Festival A"]
[Site "Salsomaggiore Terme ITA"]
[Date "1998.05.??"]
[Round "4"]
[White "Farago, Ivan"]
[Black "Kovacevic, Slobodan"]
[Result "1-0"]
[WhiteElo "2475"]
[BlackElo "2420"]
[PlyCount "111"]
[EventDate "1998.05.14"]

1. d4 Nf6 2. c4 e6 3. Nc3 c5 4. d5 exd5 5. cxd5 d6 6. Nf3 g6 7. Nd2 Nbd7 8. e4
Bg7 9. Be2 O-O 10. O-O Re8 11. a4 a6 12. f4 c4 13. Kh1 Nc5 14. e5 dxe5 15. fxe5
Rxe5 16. Nxc4 Rf5 17. Bf4 g5 18. Be3 Rxf1+ 19. Qxf1 Nfe4 20. Nxe4 Nxe4 21. Bd3
Nd6 22. Bxg5 Qxg5 23. Nxd6 Qf6 24. Qxf6 Bxf6 25. Rf1 Bxb2 26. Rxf7 b5 27. Bxh7+
Kh8 28. Bd3 Bg4 29. Rb7 Bg7 30. h3 Bd1 31. axb5 axb5 32. Rxb5 Kg8 33. Rb1 Ra1
34. Rb8+ Bf8 35. Kh2 Bh5 36. Nf5 Bf7 37. d6 Be6 38. Bc4 Bxc4 39. d7 Rd1 40.
d8=Q Rxd8 41. Rxd8 Be6 42. g4 Kf7 43. Rxf8+ Kxf8 44. Kg3 Kf7 45. Kf4 Kg6 46. h4
Bb3 47. h5+ Kh7 48. g5 Bf7 49. Kg4 Be8 50. Kh4 Bf7 51. Nd6 Be6 52. Kg3 Bb3 53.
Kf4 Bd1 54. g6+ Kh6 55. Nf7+ Kg7 56. Kg5 1-0

[Event "II Festival A"]
[Site "Salsomaggiore Terme ITA"]
[Date "1998.05.??"]
[Round "4"]
[White "Iotti, Pierluigi"]
[Black "Salami, Marco"]
[Result "1-0"]
[WhiteElo "2325"]
[BlackElo "2205"]
[PlyCount "91"]
[EventDate "1998.05.14"]

1. d4 f5 2. Nc3 d5 3. Bg5 c6 4. e3 Qb6 5. Na4 Qa5+ 6. c3 e6 7. b4 Qc7 8. Bf4
Bd6 9. Bxd6 Qxd6 10. Nf3 Nd7 11. Nc5 Ngf6 12. Bd3 O-O 13. O-O b6 14. Nxd7 Nxd7
15. Qb1 c5 16. Bb5 a6 17. Bxd7 Bxd7 18. a4 Rfe8 19. Ne5 Ra7 20. a5 cxb4 21.
axb6 Qxb6 22. Qxb4 Qxb4 23. cxb4 Bb5 24. Rfc1 Rb8 25. h4 Rab7 26. Kh2 Kf8 27.
Kg3 Ke7 28. f3 Kf6 29. Rc5 Ke7 30. Kf4 Kd6 31. h5 Ra8 32. h6 gxh6 33. Rh1 h5
34. Rxh5 Be8 35. Rh6 Rxb4 36. Rxh7 a5 37. Rcc7 Rd8 38. Ra7 Rb6 39. Rhe7 Ra6 40.
Rxe8 Rxa7 41. Rxd8+ Kc7 42. Rd7+ Kb6 43. Rxa7 Kxa7 44. Nc6+ Kb6 45. Nxa5 Kxa5
46. Ke5 1-0

[Event "II Festival A"]
[Site "Salsomaggiore Terme ITA"]
[Date "1998.05.??"]
[Round "4"]
[White "Isonzo, David"]
[Black "Rogers, Ian"]
[Result "0-1"]
[WhiteElo "2235"]
[BlackElo "2570"]
[PlyCount "80"]
[EventDate "1998.05.14"]

1. e4 c5 2. Nf3 Nc6 3. d4 cxd4 4. Nxd4 Nf6 5. Nc3 d6 6. Bc4 Qb6 7. Nde2 e6 8.
O-O a6 9. Bb3 Be7 10. Bg5 O-O 11. Bxf6 gxf6 12. Ng3 Kh8 13. Kh1 Rg8 14. f4 Bd7
15. Qh5 Qa5 16. f5 Rg5 17. Qh3 Qe5 18. Rac1 Rag8 19. Nd5 Bd8 20. c3 Na5 21. Nf4
Nxb3 22. axb3 Bb5 23. Rf3 Re8 24. Rd1 Bd7 25. fxe6 Bxe6 26. Nxe6 fxe6 27. Rdf1
Kg7 28. Rf4 h5 29. R1f3 Rh8 30. Ne2 Kf7 31. Nd4 Rhg8 32. g3 Rg4 33. b4 d5 34.
exd5 Qxd5 35. Kg1 R8g5 36. Qf1 Rxf4 37. Rxf4 Kg7 38. Qe2 Bb6 39. Qf3 Qxf3 40.
Rxf3 e5 0-1

[Event "II Festival A"]
[Site "Salsomaggiore Terme ITA"]
[Date "1998.05.??"]
[Round "4"]
[White "Mrdja, Milan"]
[Black "Vujovic, Milorad"]
[Result "1-0"]
[WhiteElo "2380"]
[BlackElo "2270"]
[PlyCount "79"]
[EventDate "1998.05.14"]

1. e4 e5 2. Nf3 Nc6 3. d4 exd4 4. Nxd4 Nf6 5. Nc3 h6 6. Nxc6 bxc6 7. e5 Qe7 8.
Qe2 Nd5 9. Bd2 Qe6 10. f4 Rb8 11. b3 Bb4 12. Nxd5 cxd5 13. O-O-O c5 14. Bxb4
Rxb4 15. Qf2 Qc6 16. Be2 d4 17. Rhe1 Qb6 18. Kb2 Bb7 19. c3 dxc3+ 20. Kxc3 O-O
21. Bc4 Qa5 22. Kb2 Bc6 23. Rc1 Rfb8 24. Re3 Rxc4 25. Rxc4 Bd5 26. Rc2 c4 27.
Qd2 Qb5 28. Qe2 Qb6 29. Rec3 Qd4 30. Rd2 Qc5 31. Rxd5 Qxd5 32. Rxc4 d6 33. Qe4
Qa5 34. exd6 Qd2+ 35. Rc2 Qxd6 36. g3 a5 37. Qe5 Qb4 38. Qc5 Qe1 39. Qc3 Qe4
40. Qxa5 1-0

[Event "II Festival A"]
[Site "Salsomaggiore Terme ITA"]
[Date "1998.05.??"]
[Round "4"]
[White "Nicolo', Filippo"]
[Black "Tencati, Giuseppe"]
[Result "0-1"]
[WhiteElo "1971"]
[BlackElo "2040"]
[PlyCount "44"]
[EventDate "1998.05.14"]

1. e4 e6 2. d4 d5 3. Nc3 Nf6 4. Bg5 Be7 5. e5 Nfd7 6. h4 a6 7. Qg4 Kf8 8. Nf3
c5 9. Be3 Nc6 10. O-O-O Qc7 11. Rh3 cxd4 12. Nxd4 Ndxe5 13. Qh5 Bf6 14. Nxc6
Nxc6 15. Bc5+ Kg8 16. Rf3 Qe5 17. Qg4 h5 18. Qh3 d4 19. b4 a5 20. Ne2 axb4 21.
Bxd4 Nxd4 22. Nxd4 Rxa2 0-1

[Event "II Festival A"]
[Site "Salsomaggiore Terme ITA"]
[Date "1998.05.??"]
[Round "4"]
[White "Pipitone, Antonio"]
[Black "Tomasi, Diego"]
[Result "1-0"]
[WhiteElo "2050"]
[BlackElo "2055"]
[PlyCount "105"]
[EventDate "1998.05.14"]

1. e4 e6 2. d4 d5 3. e5 c5 4. c3 Nc6 5. Nf3 Nge7 6. Na3 cxd4 7. cxd4 Nf5 8. Nc2
Be7 9. Bd3 Qb6 10. O-O O-O 11. b3 a5 12. Bxf5 exf5 13. Ne3 Be6 14. g3 Rfc8 15.
a3 Na7 16. Bb2 Nb5 17. Qd3 g6 18. h4 h5 19. a4 Na7 20. Rfc1 Nc6 21. Qb5 Qxb5
22. axb5 Nb4 23. Rxc8+ Bxc8 24. Ba3 Be6 25. Bxb4 Bxb4 26. Rc1 Kf8 27. Rc7 Rb8
28. Ng5 Be7 29. Nh3 Bd8 30. Rc3 Bb6 31. Rd3 Rd8 32. Nf4 Ba7 33. Kf1 Bd7 34. b6
Bxb6 35. Nexd5 Ba7 36. Nc3 b5 37. Ke1 b4 38. Nce2 Bb5 39. Rd2 Bxe2 40. Nxe2 Rd5
41. Kd1 Ke7 42. Kc2 Rd8 43. Kd3 Rc8 44. Rc2 Rxc2 45. Kxc2 Kd7 46. Kd3 Kc6 47.
Kc4 Bb8 48. f4 Kb6 49. d5 Bc7 50. Nd4 Ka6 51. d6 Bd8 52. Nc6 Bb6 53. d7 1-0

[Event "II Festival A"]
[Site "Salsomaggiore Terme ITA"]
[Date "1998.05.??"]
[Round "4"]
[White "Profumo, Alberto"]
[Black "Oppici, Gabriele"]
[Result "1/2-1/2"]
[WhiteElo "2270"]
[BlackElo "2095"]
[PlyCount "80"]
[EventDate "1998.05.14"]

1. Nf3 Nc6 2. d4 d6 3. c4 Bg4 4. Nc3 Bxf3 5. exf3 e5 6. d5 Nce7 7. Bd3 Nf6 8.
Be3 Ng6 9. g3 Be7 10. h4 Nh5 11. Qa4+ Qd7 12. Qxd7+ Kxd7 13. Bf5+ Kd8 14. Ne4
b6 15. Ke2 Nf8 16. Bg4 Nf6 17. h5 Nxg4 18. fxg4 h6 19. b4 Nd7 20. f3 Nf6 21.
Kd3 Kd7 22. Bd2 Rac8 23. b5 Ra8 24. a4 a5 25. bxa6 Nxe4 26. Kxe4 Rxa6 27. Ra3
Rha8 28. Rha1 Bf6 29. R1a2 Be7 30. Bc3 Bf8 31. Kf5 c6 32. a5 Rc8 33. axb6 Rxb6
34. Rb2 Rxb2 35. Bxb2 cxd5 36. cxd5 Rc5 37. Ra7+ Ke8 38. Ke4 Rc4+ 39. Kd3 Rc5
40. Ke4 Rc4+ 1/2-1/2

[Event "II Festival A"]
[Site "Salsomaggiore Terme ITA"]
[Date "1998.05.??"]
[Round "4"]
[White "Vezzosi, Paolo"]
[Black "Jurkovic, Ante"]
[Result "1-0"]
[WhiteElo "2275"]
[BlackElo "2320"]
[PlyCount "107"]
[EventDate "1998.05.14"]

1. d4 Nf6 2. Nf3 g6 3. c4 Bg7 4. Nc3 O-O 5. e4 d6 6. Be2 e5 7. Be3 Na6 8. O-O
Ng4 9. Bg5 Qe8 10. h3 exd4 11. Nxd4 Ne5 12. Qd2 Nc5 13. Rae1 Nc6 14. Ndb5 Ne6
15. Nd5 f6 16. Be3 Qd8 17. f4 a6 18. Nbc3 f5 19. exf5 gxf5 20. Bf2 Ncd4 21. Bh5
c6 22. Nb4 Qf6 23. Nd3 Kh8 24. Ne2 Qh6 25. Nxd4 Nxd4 26. Qd1 Be6 27. b3 c5 28.
Kh1 b5 29. Bh4 Bf6 30. Bxf6+ Qxf6 31. Nb2 Ra7 32. Re3 Rg7 33. Be2 Rfg8 34. Rf2
Bd7 35. Bf1 Qh4 36. Qe1 Bc6 37. Nd3 b4 38. Rd2 Rg3 39. Kh2 Bf3 40. gxf3 a5 41.
Bg2 R8g6 42. Re8+ Kg7 43. Qe7+ Qxe7 44. Rxe7+ Kh6 45. Ne1 Rg8 46. Re3 R3g6 47.
Nc2 Ne6 48. Bf1 Nxf4 49. Re7 Nh5 50. Ne3 Ng3 51. Bd3 Rf8 52. f4 Ne4 53. Bxe4
fxe4 54. Ng4+ 1-0

[Event "II Festival A"]
[Site "Salsomaggiore Terme ITA"]
[Date "1998.05.??"]
[Round "4"]
[White "Zlochevskij, Alexander"]
[Black "Peric, Slavisa"]
[Result "1-0"]
[WhiteElo "2435"]
[BlackElo "2365"]
[PlyCount "82"]
[EventDate "1998.05.14"]

1. d4 d5 2. Nf3 a6 3. Bg5 c5 4. e3 h6 5. Bh4 Qb6 6. Nc3 e6 7. a3 cxd4 8. exd4
Nc6 9. Na4 Qc7 10. c3 Be7 11. Bg3 Bd6 12. Bd3 Nf6 13. Qe2 O-O 14. O-O Bxg3 15.
fxg3 Re8 16. Rae1 b5 17. Nc5 e5 18. dxe5 Bg4 19. Qf2 Nxe5 20. Nxe5 Rxe5 21.
Rxe5 Qxe5 22. Qd4 Qxd4+ 23. cxd4 Kf8 24. b4 Ke7 25. a4 Bc8 26. Ra1 bxa4 27.
Rxa4 Nd7 28. Kf2 Nxc5 29. dxc5 Rb8 30. Ke3 Bd7 31. Rxa6 Rxb4 32. Rb6 Ra4 33.
Rb7 d4+ 34. Ke4 Ke6 35. Rxd7 f5+ 36. Kf3 Ra3 37. Rxd4 Ke5 38. Rd7 Rc3 39. Ke2
g5 40. Rf7 f4 41. gxf4+ gxf4 1-0

[Event "II Festival A"]
[Site "Salsomaggiore Terme ITA"]
[Date "1998.05.??"]
[Round "5"]
[White "Golubovic, Boris"]
[Black "Vezzosi, Paolo"]
[Result "0-1"]
[WhiteElo "2450"]
[BlackElo "2275"]
[PlyCount "114"]
[EventDate "1998.05.14"]

1. e4 e6 2. d4 d5 3. Nc3 Nf6 4. e5 Nfd7 5. Nf3 c5 6. dxc5 Nc6 7. Bf4 Be7 8. h4
Nxc5 9. Bd3 Qb6 10. Rb1 h6 11. a3 a5 12. h5 Bd7 13. O-O O-O 14. Qd2 Nxd3 15.
Qxd3 Be8 16. Ne2 f6 17. exf6 Bxf6 18. Ng3 Nd4 19. Nxd4 Bxd4 20. Be3 Bxe3 21.
Qxe3 Qxe3 22. fxe3 Rc8 23. c3 Rc4 24. Rbd1 Rg4 25. Rxf8+ Kxf8 26. Kf2 Rg5 27.
Rh1 Ke7 28. Rh4 Kd6 29. e4 Ke5 30. exd5 exd5 31. Rh1 Bd7 32. Re1+ Kd6 33. Kf3
a4 34. Rh1 Ke5 35. Rh4 Bc6 36. Rd4 b5 37. Kf2 Be8 38. Rb4 Kd6 39. Rh4 Ke5 40.
Rd4 Bc6 41. Rb4 Kd6 42. Rf4 Be8 43. Rf5 Rxf5+ 44. Nxf5+ Ke5 45. Nxg7 Bd7 46. g4
Kf6 47. Nf5 Bxf5 48. gxf5 Kxf5 49. Ke3 Kg5 50. Kd4 Kxh5 51. Kc5 Kg5 52. Kxb5 h5
53. Kxa4 h4 54. b4 h3 55. b5 h2 56. b6 h1=Q 57. b7 Qb1 0-1

[Event "II Festival A"]
[Site "Salsomaggiore Terme ITA"]
[Date "1998.05.??"]
[Round "5"]
[White "Jurkovic, Hrvoje"]
[Black "Minerva, Enzo"]
[Result "1-0"]
[WhiteElo "2380"]
[BlackElo "2155"]
[PlyCount "71"]
[EventDate "1998.05.14"]

1. e4 e5 2. Nf3 f5 3. exf5 Bc5 4. Nxe5 Bxf2+ 5. Kxf2 Qh4+ 6. g3 Qd4+ 7. Kg2
Qxe5 8. Qe2 d6 9. Qxe5+ dxe5 10. g4 Bd7 11. Be2 Nc6 12. c3 h5 13. h3 hxg4 14.
hxg4 Rxh1 15. Kxh1 O-O-O 16. d3 Nf6 17. Bg5 Rh8+ 18. Kg2 Ne7 19. Nd2 Bc6+ 20.
Kg3 Ned5 21. Re1 Nh7 22. Bh4 Nf4 23. Nf3 Nf6 24. Nxe5 Rxh4 25. Kxf4 Be8 26. Kg3
Rh8 27. Bf3 c6 28. Rh1 Rxh1 29. Bxh1 Kd8 30. Bf3 Ke7 31. g5 Nh5+ 32. Kg4 g6 33.
f6+ Ke6 34. d4 Nxf6+ 35. gxf6 Kxf6 36. b4 1-0

[Event "II Festival A"]
[Site "Salsomaggiore Terme ITA"]
[Date "1998.05.??"]
[Round "5"]
[White "Komljenovic, Davorin"]
[Black "Barberi, Alessandro"]
[Result "1-0"]
[WhiteElo "2425"]
[BlackElo "2125"]
[PlyCount "57"]
[EventDate "1998.05.14"]

1. Nf3 Nf6 2. c4 g6 3. Nc3 Bg7 4. e4 d6 5. d4 O-O 6. h3 Nc6 7. d5 Nb8 8. Bd3 e5
9. Bg5 h6 10. Be3 Kh7 11. g4 Ng8 12. h4 Bxg4 13. Ng5+ Qxg5 14. hxg5 Bxd1 15.
Kxd1 a6 16. c5 Nd7 17. c6 bxc6 18. dxc6 Nb6 19. Bxb6 cxb6 20. Nd5 Ra7 21. Rc1
Ne7 22. Nxb6 f5 23. gxf6 Bxf6 24. Nd7 Rf7 25. Bc4 Bg5 26. Bxf7 Bxc1 27. Kxc1
Nxc6 28. Be8 Nb4 29. Rd1 1-0

[Event "II Festival A"]
[Site "Salsomaggiore Terme ITA"]
[Date "1998.05.??"]
[Round "5"]
[White "Kovacevic, Slobodan"]
[Black "Efimov, Igor"]
[Result "0-1"]
[WhiteElo "2420"]
[BlackElo "2525"]
[PlyCount "118"]
[EventDate "1998.05.14"]

1. d4 g6 2. c3 Bg7 3. Bg5 d6 4. e4 Nf6 5. Nd2 O-O 6. Ngf3 Nc6 7. Bb5 Bd7 8. O-O
h6 9. Bh4 a6 10. Bd3 Nh5 11. Re1 Qe8 12. Nc4 Nf4 13. Bf1 e5 14. Bg3 Nh5 15.
dxe5 Nxg3 16. hxg3 Nxe5 17. Nfxe5 dxe5 18. Ne3 Ba4 19. Qb1 Bf6 20. Bc4 Kg7 21.
b3 Bd7 22. a4 Bg5 23. Qc2 b5 24. Bd3 c6 25. Nf1 Be6 26. Nh2 Qb8 27. axb5 cxb5
28. Nf3 Rc8 29. c4 Be7 30. Qe2 a5 31. Reb1 b4 32. Ne1 Bc5 33. Nc2 Qb6 34. Rf1
Rd8 35. Ne3 Bxe3 36. Qxe3 Rd4 37. Be2 Qc5 38. Ra2 Bd7 39. Rd2 a4 40. bxa4 Rxa4
41. Rxd4 exd4 42. Qd2 Ra3 43. Qb2 Rc3 44. Qd2 Ba4 45. Bd3 Qg5 46. Qe2 b3 47. e5
Bd7 48. Rd1 Bg4 49. f3 Be6 50. Kf2 Bxc4 51. f4 Bxd3 52. fxg5 Bxe2 53. gxh6+
Kxh6 54. Kxe2 b2 55. Kd2 Rc1 56. Rxc1 bxc1=Q+ 57. Kxc1 Kg5 58. Kd2 Kf5 59. Kd3
Kxe5 0-1

[Event "II Festival A"]
[Site "Salsomaggiore Terme ITA"]
[Date "1998.05.??"]
[Round "5"]
[White "Mitkov, Nikola"]
[Black "Farago, Ivan"]
[Result "1/2-1/2"]
[WhiteElo "2500"]
[BlackElo "2475"]
[PlyCount "50"]
[EventDate "1998.05.14"]

1. e4 e6 2. Nc3 d5 3. d4 Bb4 4. e5 Ne7 5. a3 Bxc3+ 6. bxc3 c5 7. Qg4 O-O 8. Bd3
f5 9. Qh3 Qe8 10. Nf3 Qg6 11. dxc5 Nd7 12. Be3 Nc6 13. Bd4 b6 14. cxb6 axb6 15.
O-O Ba6 16. Qg3 Qxg3 17. hxg3 h6 18. Rfb1 Rfb8 19. a4 Bxd3 20. cxd3 g5 21. Be3
Kf7 22. Rb5 Na7 23. Rbb1 Nc6 24. Kf1 Ra6 25. Ke2 Rba8 1/2-1/2